Regeln einer feinen Lebensart und Weltkenntniß zum Unterricht für die Jugend (Запись № 8664630)

Подробности
000 -МАРКЕР
контрольное поле 01473nam0a22003011 4500
001 - ИДЕНТИФИКАТОР ЗАПИСИ
контрольное поле RU\NLR\INFOCOMM_161\5000066809
005 - ИДЕНТИФИКАТОР ВЕРСИИ
контрольное поле 20250613093228.0
035 ## - ДРУГИЕ СИСТЕМНЫЕ НОМЕРА
Идентификатор записи (NLR Aleph) 009196809
100 ## - ДАННЫЕ ОБЩЕЙ ОБРАБОТКИ
Данные общей обработки 20100421d1791 |||y0rusy50 ca
101 0# - ЯЗЫК РЕСУРСА
Язык текста, звукозаписи и т.д. немецкий
102 ## - СТРАНА ПУБЛИКАЦИИ ИЛИ ПРОИЗВОДСТВА
Страна публикации российская федерация
105 ## - ПОЛЕ КОДИРОВАННЫХ ДАННЫХ: ТЕКСТОВЫЕ МАТЕРИАЛЫ, МОНОГРАФИЧЕСКИЕ
Кодированные данные о монографическом текстовом документе y ||||000|y
200 1# - ЗАГЛАВИЕ И СВЕДЕНИЯ ОБ ОТВЕТСТВЕННОСТИ
Основное заглавие Regeln einer feinen Lebensart und Weltkenntniß zum Unterricht für die Jugend
Сведения, относящиеся к заглавию Aus dem Englischen
-- Neue verbesserte Auflage, herausgegeben zum Gebrauch im Kaiserlichen Adelichen Landkadettenkorps
210 ## - ПУБЛИКАЦИЯ, РАСПРОСТРАНЕНИЕ И ДР.
Место издания, распространения и т.д. St. Petersburg
Имя издателя, распространителя и т. д. Gedruckt bei demselben Korps
Дата издания, распространения и т.д. 1791
215 ## - ФИЗИЧЕСКАЯ ХАРАКТЕРИСТИКА
Специфическое обозначение материала и объем [6], 131 с.
Размеры 20 см (8°)
300 ## - ОБЩИЕ ПРИМЕЧАНИЯ
Текст примечания Загл. ориг.: Principles of politeness and of knowing the world / By ... Lord Chesterfield
300 ## - ОБЩИЕ ПРИМЕЧАНИЯ
Текст примечания Установлено по справочнику: Сводный каталог книг на иностранных языках, изданных в России в XVIII в Л., 1986. Т. 3. С. 77
316 ## - ПРИМЕЧАНИЯ ОБ ОСОБЕННОСТЯХ ЭКЗЕМПЛЯРА
Текст примечания Экз. с наклейкой Б-ки 1-го Кадет. корп. и штампом Лен. Воен. б-ки
517 1# - ДРУГИЕ ВАРИАНТЫ ЗАГЛАВИЯ
Вариант заглавия Principles of politeness and of knowing the world
686 ## - ИНДЕКСЫ ДРУГИХ КЛАССИФИКАЦИЙ
Индекс Ш6(4Вл)45-4[Лх1295-45]
Код системы
700 #1 - ИМЯ ЛИЦА - ПЕРВИЧНАЯ ОТВЕТСТВЕННОСТЬ
Начальный элемент ввода Chesterfield
Часть имени, кроме начального элемента ввода Ph. D. S.
Даты 1694-1773
Расширение инициалов личного имени Philip Dormer Stanhope
Код отношения Автор
712 02 - НАИМЕНОВАНИЕ ОРГАНИЗАЦИИ - ВТОРИЧНАЯ ОТВЕТСТВЕННОСТЬ
Начальный элемент ввода Kadettenkorps
Идентифицирующий признак Petersburg
Порядковый номер временной организации и / или порядковый номер ее части 1
Код отношения Прочие
801 #1 - ИСТОЧНИК ЗАПИСИ
Страна российская федерация
Организация NLR
Дата составления 20100421
801 #0 - ИСТОЧНИК ЗАПИСИ
Страна российская федерация
Организация NLR
Правила каталогизации PSBO
852 ## - МЕСТОНАХОЖДЕНИЕ И ШИФР ХРАНЕНИЯ
Идентификатор организации NLR
Шифр хранения (Call Number) Рэ ШК/С-525 О₂
942 ## - ДОПОЛНИТЕЛЬНЫЕ ЭЛЕМЕНТЫ ЗАПИСИ (АБИС)
Тип экземпляра АБИС Книга
980 ## - КОЛЛЕКЦИЯ
Название коллекции Национальная библиография
Экземпляры
Тип экземпляра Дата поступления Библиотека постоянного хранения Библиотека текущего хранения Место хранения Шифр хранения Штрих-код Статус не для выдачи
Книга 26.10.2013 РНБ (Московский) РНБ (Московский) Иностранный книжный фонд Рэ ШК/С-525 О₂ 9196809-10